00733 a2200181 4500001000700000020001500007040003200022100002000054245001000074260001900084300003200103362000900135490002200144520033100166650001000497650002800507650001600535126877 a1782350497 cEscola Canadense de Niteroi aPhillips, Sarah10aRocks aHertfordshire  a32 p.c4 x 0.3 x 6.8 inches0 a20110 aMini Encyclopedia aUsing dramatic photography, simple text and annotated diagrams, these books will fascinate and engage children as they learn about their favorite topics. With fun facts and a glossary of terms, children will enjoy exploring and discovering more about amazing animals, the human body, nature, weather - and life on our planet!  4aRocks 4aCuriosities and wonders 4aNon-Fiction